000
00254nam a2200097Ia 4500
008
240331s9999 xx 000 0 und d
082
_a
305.406
_b
FOR
100
_a
NGO forum on women Beijin. ed
245
0
_a
Forum 95 :
_b
NGO forum on women Beijin 95
942
_c
L
999
_c
906
_d
906